Регионална библиотека "Любен Каравелов" - Русе

Религията, суеверията и предразсъдъците - врагове на здравето (Запис номер 136346)

MARC детайли
000 -Лидер
Контролно поле с фиксирана дължина 01555nam a2200349 c 4500
003 - Код на организацията, давaща контролен номер
Контролно поле BLK
005 - Дата и час на последна редакция
Контролно поле 20180420232820.0
008 - Елементи от данни с фиксирана дължина
fixed length control field 180409b bul|||||r ||||||| ||bul||
010 ## - Наследен системен номер
LC control number KNG00142287000
040 ## - Източник на каталожния запис
Идентификатор на билиотеката - собственик на записа BLK
041 ## - Код за език
Код за езика на текст/звукозапис или на отделно заглавие Български
Код за езика КДБФ Български
080 ## - УДК
Текстов определител УДК Бог. Деизъм. Теизъм. Атеизъм. Свободомислие. Вж и 122; 125; 141. 132;231; 234; 239; 272/273; 291. 2
УДК код - определител по УДК 211
УДК определител
УДК - код + определител 211
100 1# - Редна дума - Автор
Автор Бораджиев, Дончо
Авторска отговорност първи автор
R(LIN) 41519
139 ## - Редно поле
Редна дума Бораджиев, Дончо и др.
Авторски знак Бор - Б 64
245 10 - Сведения за заглавието
Заглавие Религията, суеверията и предразсъдъците - врагове на здравето
Редно поле (дума) Дончо Бораджиев; съавт. Драгомир Петков.
257 ## - Страна на издаване
Страна на създаване/издаване България
260 ## - Област на издателските данни
-- София
Име на издателя, разпространителя и проч. Медицина и физкултура
Година на издаване 1962
300 ## - Физическа характеристика
Страници 28 с.
Размери/Мащаб 18 см
380 ## - Жанр
Жанр Религия. Теология
490 1# - СЕРИИ (Колекции)
Име на серия Библиотека Здравни беседи за селото
№: серия 4
500 ## - Общи забележки
Забележка Изд. на Републ. дом за здравна просв. - 3 075 тир.
650 #4 - Допълнително описание по предмет – тема
Основно описание – тема или топоним Религиозни предразсъдъци и суеверия
9 (RLIN) 264887
653 ## - Ключова дума – ненормативна
Ключова дума религия
653 ## - Ключова дума – ненормативна
Ключова дума суеверия
653 ## - Ключова дума – ненормативна
Ключова дума предразсъдъци
700 1# - Други автори (авторска отговорност)
Лично име Петков, Драгомир
Автороска отговорност (Описва отношението между автора и произведението) съавт.
9 (RLIN) 325288
852 ## - Местоположение
Форматна сигнатура Цб І 5393
856 4# - Електронен адрес и достъп
Електронен формат pdf - файл
Път до файла /url/
856 4# - Електронен адрес и достъп
Електронен формат pdf - файл
Път до файла /url/
942 ## - АРТИКУЛИ
Вид на библиотечния материал Книги
Скрит в OPAC Не
944 ## - СЪЗДАВАНЕ И РЕДАКЦИЯ на ЗАПИСА
Създаване/Редакция Създаване
Дата на регистрацията/редакция 20.04.2013
Статус, дата на статуса 20.04.2013 - от С1,Р / 20.04.2013
Служител, извършил регистрацията/редакцията Правда_Бадева
944 ## - СЪЗДАВАНЕ И РЕДАКЦИЯ на ЗАПИСА
Създаване/Редакция Редакция
Дата на регистрацията/редакция 20.04.2013
Статус, дата на статуса 20.04.2013 - от С1,Р / 20.04.2013
Служител, извършил регистрацията/редакцията
999 ## - СИСТЕМНИ КОНТРОЛНИ НОМЕРА
Koha biblionumber 136346
Koha biblioitemnumber 136346
Наличности
Код за отписване Код за изгубен артикул Източник на класификационната схема Код за повреда Коз за рестрикции Код за отдаване Артикулен № Име на библиотеката - собственик Име на библиотеката, в която се намира в момента Статус (Текущо местоположение) Дата на вписване в системата Местоположение - отдел Цена в лева Инвентарен номер Систематично азбучна сигнатура Баркод Номер на екземпляра Цена в евро Служебна бележка Служебен тип на артикула
  Не е изгубен Universal Decimal Classification Не е повреден само за читалня ползва се в читалня 222822 Регионална библиотека "Любен Каравелов" Русе Регионална библиотека "Любен Каравелов" Русе Хранилище 1962-01-01 Хранилище 0.05 15178/62 Цб І 5393 900000027238 1 0.03 N: стар фонд Дата: 01.01.1962 Книги
Vip Innovations Ltd, Rousse, Bulgaria 2025